00766nam a2200229Ia 4500003000900000008004100009020001800050040001600068080001700084100002600101245010100127260003600228300001600264650002200280650002300302650001600325650001900341700003000360942000700390999001500397952012400412IN-BaIIA211028s9999 xx 000 0 eng d a0-387-11045-3 cIIA Library a521.5bFRI-I aFridman, A. M.913916 0aPhysics of gravitating systems Ibequilibrium and stabilitycA. M. Fridman and V. L. Polyachenko aNew YorkbSpringer-Verlagc1984 axvii, 468p. aAstrophysics9794 aEquilibrium913917 aGravitation aNASA Thesaurus aPolyachenko, V. L.913918 cBK c8297d8297 00104070aBANbBANcGENd1985-06-11g1066.40l0o521.5/ FRI-Ip9141r2021-11-05v1066.40w1985-06-11yBKGRs. 1066.40